[Event "Titled Tuesday intern op 16th Apr Early"]
[Site "Chess.com INT"]
[Date "2024.04.16"]
[Round "8"]
[White "Bluebaum, Matthias"]
[Black "Jones, Gawain C B"]
[Result "1/2-1/2"]
[WhiteElo "2649"]
[BlackElo "2620"]
[PlyCount "77"]
[EventDate "2024.04.16"]
[EventType "swiss (blitz)"]
[EventRounds "11"]
[EventCountry "USA"]
[SourceTitle "CB17_2024"]
[SourceDate "2024.04.24"]
[SourceVersion "1"]
[SourceVersionDate "2024.04.24"]
[SourceQuality "1"]

1. d4 d5 2. c4 e6 3. Nc3 a6 4. e4 dxe4 5. Nxe4 Nf6 6. Nxf6+ Qxf6 7. Nf3 Bb4+ 8. Bd2 Bxd2+ 9. Qxd2 b6 10. 0-0-0 Bb7 11. Qe3 Nd7 12. Ne5 Nxe5 13. dxe5 Qe7 14. Bd3 0-0-0 15. Be4 Bxe4 16. Qxe4 Kb8 17. f4 Rxd1+ 18. Rxd1 Rd8 19. Rxd8+ Qxd8 20. g3 g6 21. Kc2 Qd7 22. b3 h5 23. h3 c5 24. g4 hxg4 25. hxg4 Qb7 26. Kd3 Qd7+ 27. Ke2 b5 28. cxb5 axb5 29. a4 c4 30. axb5 cxb3 31. Qd3 Qxd3+ 32. Kxd3 Kc7 33. Kc3 Kb6 34. Kxb3 Kxb5 35. g5 Kc5 36. Kc3 Kb5 37. Kb3 Kc5 38. Kc3 Kb5 39. Kb3 1/2-1/2

[Event "Titled Tuesday intern op 16th Apr Early"]
[Site "Chess.com INT"]
[Date "2024.04.16"]
[Round "10"]
[White "Otero Marino, Alain"]
[Black "Jones, Gawain C B"]
[Result "0-1"]
[WhiteElo "2250"]
[BlackElo "2620"]
[PlyCount "78"]
[EventDate "2024.04.16"]
[EventType "swiss (blitz)"]
[EventRounds "11"]
[EventCountry "USA"]
[SourceTitle "CB17_2024"]
[SourceDate "2024.04.24"]
[SourceVersion "1"]
[SourceVersionDate "2024.04.24"]
[SourceQuality "1"]

1. e4 c6 2. d4 g6 3. Nc3 Bg7 4. f4 d5 5. e5 h5 6. Nf3 Bg4 7. h3 Bxf3 8. Qxf3 e6 9. Bd3 h4 10. Be3 Nh6 11. 0-0 Bf8 12. Ne2 Nd7 13. b3 Nf5 14. Bf2 a5 15. c4 a4 16. c5 axb3 17. axb3 Be7 18. b4 Kf8 19. b5 Kg7 20. Bxf5 gxf5 21. b6 Qb8 22. Ra3 Rxa3 23. Qxa3 Nxb6 24. Qb3 Nc4 25. Ra1 b6 26. cxb6 Qxb6 27. Qxb6 Nxb6 28. Rc1 Nc4 29. Kh1 Ra8 30. Ng1 Ra2 31. Be1 Ne3 32. Rxc6 Nxg2 33. Bc3 Nxf4 34. Rc7 Bg5 35. Nf3 Nxh3 36. Bb4 Rf2 37. Nxg5 Nxg5 38. Be7 Nf3 39. Rc1 Rh2# 0-1

[Event "Begonia op 58th"]
[Site "Ballarat"]
[Date "2024.03.11"]
[Round "7"]
[White "Jones, Gawain C B"]
[Black "Chan, Kris"]
[Result "1-0"]
[WhiteElo "2618"]
[BlackElo "2071"]
[PlyCount "47"]
[EventDate "2024.03.09"]
[EventType "swiss"]
[EventRounds "7"]
[EventCountry "AUS"]
[SourceTitle "CB11_2024"]
[SourceDate "2024.03.13"]
[SourceVersion "1"]
[SourceVersionDate "2024.03.13"]
[SourceQuality "1"]

1. Nf3 Nf6 2. c4 g6 3. Nc3 Bg7 4. e4 d6 5. d4 0-0 6. Bd3 Nbd7 7. 0-0 e5 8. h3 Nh5 9. Bg5 f6 10. Be3 c6 11. c5 exd4 12. Nxd4 Nxc5 13. Bc4+ Kh8 14. b4 Nxe4 15. Nxe4 d5 16. g4 dxe4 17. gxh5 f5 18. h6 Be5 19. f4 Qh4 20. Ne2 Qxh6 21. Bc5 Re8 22. fxe5 Qxh3 23. Rf2 g5 24. Qd6 1-0

[Event "Titled Tuesday intern op 16th Jan Late"]
[Site "Chess.com INT"]
[Date "2024.01.16"]
[Round "4"]
[White "Alonso Rosell, Alvar"]
[Black "Jones, Gawain C B"]
[Result "0-1"]
[WhiteElo "2562"]
[BlackElo "2618"]
[PlyCount "82"]
[EventDate "2024.01.16"]
[EventType "swiss (blitz)"]
[EventRounds "11"]
[EventCountry "USA"]
[SourceTitle "CB04_2024"]
[SourceDate "2023.10.16"]
[SourceVersion "1"]
[SourceVersionDate "2023.10.16"]
[SourceQuality "1"]

1. d4 d5 2. c4 e6 3. Nf3 a6 4. Bg5 Be7 5. Bxe7 Nxe7 6. Nbd2 b6 7. g3 Bb7 8. Bg2 Nd7 9. Rc1 c5 10. cxd5 Nxd5 11. Nc4 0-0 12. e4 N5f6 13. e5 Ne8 14. 0-0 b5 15. Ne3 c4 16. b3 cxb3 17. d5 bxa2 18. Qb3 exd5 19. Qxa2 Nc7 20. Nf5 Nb6 21. Nd6 Rb8 22. Nd4 Nc4 23. N4f5 Nxe5 24. Qa1 f6 25. Rfd1 Kh8 26. Qa5 Ne6 27. Nxb7 Rxb7 28. Qxa6 Rb6 29. Qa7 Rf7 30. Qa2 g6 31. Rxd5 Rd7 32. Nh6 Kg7 33. Rxd7+ Qxd7 34. Qe2 Rd6 35. Ng4 Nd4 36. Qe4 Qxg4 37. Rc7+ Kh6 38. Qe3+ g5 39. h4 Ndf3+ 40. Kf1 Rd1+ 41. Ke2 Nd4# 0-1

[Event "Titled Tuesday intern op 16th Jan Late"]
[Site "Chess.com INT"]
[Date "2024.01.16"]
[Round "3"]
[White "Jones, Gawain C B"]
[Black "Cruz, Jonathan"]
[Result "1-0"]
[WhiteElo "2618"]
[BlackElo "2323"]
[PlyCount "105"]
[EventDate "2024.01.16"]
[EventType "swiss (blitz)"]
[EventRounds "11"]
[EventCountry "USA"]
[SourceTitle "CB04_2024"]
[SourceDate "2023.10.16"]
[SourceVersion "1"]
[SourceVersionDate "2023.10.16"]
[SourceQuality "1"]

1. Nf3 d5 2. g3 Nf6 3. Bg2 g6 4. b3 Bg7 5. Bb2 0-0 6. c4 c6 7. 0-0 Re8 8. d3 b6 9. Nbd2 Bb7 10. Qc2 c5 11. cxd5 Bxd5 12. e4 Bb7 13. d4 cxd4 14. Nxd4 Na6 15. Rad1 e5 16. Nb5 Nb4 17. Qb1 Qd3 18. Nc7 Rac8 19. Nxe8 Nxe8 20. Nc4 Qxb1 21. Rxb1 Ba6 22. Rfd1 Bxc4 23. bxc4 Nc7 24. Bh3 Rb8 25. Rd7 Nca6 26. Rxa7 Nc5 27. Bxe5 Bxe5 28. Rxb4 Nxe4 29. Rb1 Bd4 30. Rf1 Nc3 31. Bg2 Re8 32. h4 Re2 33. Bd5 Nxd5 34. cxd5 Rd2 35. Rd7 Bc5 36. Kg2 Kg7 37. g4 h6 38. Kf3 Rxa2 39. g5 hxg5 40. hxg5 Rd2 41. Ke4 Re2+ 42. Kd3 Re5 43. f4 Re3+ 44. Kc4 Re4+ 45. Kb5 Rb4+ 46. Kc6 Rc4 47. d6 Be3+ 48. Kb5 Rc5+ 49. Ka6 Rf5 50. Re7 Bc5 51. Rd1 Rxf4 52. Re5 Ra4+ 53. Kb7 1-0

[Event "Titled Tuesday intern op 16th Jan Late"]
[Site "Chess.com INT"]
[Date "2024.01.16"]
[Round "11"]
[White "Jones, Gawain C B"]
[Black "Mendes, Aaron Reeve"]
[Result "1-0"]
[WhiteElo "2618"]
[BlackElo "2309"]
[PlyCount "147"]
[EventDate "2024.01.16"]
[EventType "swiss (blitz)"]
[EventRounds "11"]
[EventCountry "USA"]
[SourceTitle "CB04_2024"]
[SourceDate "2023.10.16"]
[SourceVersion "1"]
[SourceVersionDate "2023.10.16"]
[SourceQuality "1"]

1. e4 c5 2. Nc3 a6 3. Nge2 d6 4. g3 Nf6 5. Bg2 g6 6. d4 cxd4 7. Nxd4 Bg7 8. 0-0 0-0 9. b3 Qc7 10. Bb2 Bd7 11. Nd5 Qd8 12. Ne3 Nc6 13. c4 Rc8 14. Re1 Qc7 15. Nd5 Qd8 16. Nxc6 Bxc6 17. Nxf6+ Bxf6 18. Bxf6 exf6 19. Qd4 Qe7 20. Rad1 Rfd8 21. Qb6 Qc7 22. Qxc7 Rxc7 23. c5 Rcd7 24. Bh3 f5 25. exf5 dxc5 26. Rxd7 Rxd7 27. Re8+ Kg7 28. f6+ Kxf6 29. Bxd7 Bxd7 30. Rb8 Bc6 31. f4 h5 32. Kf2 Kf5 33. Rf8 f6 34. Ke3 Bd5 35. Rc8 Bc6 36. Rc7 g5 37. fxg5 fxg5 38. Rh7 Kg4 39. Rg7 h4 40. gxh4 Kxh4 41. Re7 Kh3 42. Re5 g4 43. Kf2 Kh4 44. Rxc5 Bf3 45. b4 Bc6 46. Re5 Ba4 47. Re7 Bc6 48. Rg7 Be4 49. Ke3 Bf3 50. Kf4 Kh3 51. Rh7+ Kg2 52. a4 Bd1 53. a5 Bf3 54. Rh4 Bd1 55. Rxg4+ Bxg4 56. Kxg4 Kxh2 57. Kf3 Kh3 58. Ke4 Kg4 59. Kd5 Kf5 60. Kc5 Ke4 61. Kb6 Kd4 62. Kxb7 Kc4 63. Kxa6 Kxb4 64. Kb6 Kc4 65. a6 Kd5 66. a7 Ke5 67. a8Q Kd4 68. Qc6 Ke3 69. Kc5 Kd3 70. Qf3+ Kd2 71. Kc4 Kc1 72. Qe2 Kb1 73. Kb3 Ka1 74. Qe1# 1-0

[Event "NZL-ch Rapid 131st"]
[Site "Palmerston North"]
[Date "2024.01.12"]
[Round "5.1"]
[White "Jones, Gawain C B"]
[Black "Ker, Anthony F"]
[Result "1-0"]
[WhiteElo "2618"]
[BlackElo "2249"]
[PlyCount "39"]
[EventDate "2024.01.11"]
[EventType "swiss (rapid)"]
[EventRounds "9"]
[EventCountry "NZL"]
[SourceTitle "CB03_2024"]
[SourceDate "2024.01.17"]
[SourceVersion "1"]
[SourceVersionDate "2024.01.17"]
[SourceQuality "1"]

1. e4 c5 2. Nf3 g6 3. c3 Bg7 4. d4 cxd4 5. cxd4 d5 6. e5 Bg4 7. Bb5+ Nc6 8. Bxc6+ bxc6 9. 0-0 Qb6 10. Nbd2 e6 11. h3 Bf5 12. Nb3 h5 13. Re1 Ne7 14. Bg5 Rc8 15. Nh4 Qb5 16. Nc5 Qxb2 17. Re2 Qa3 18. Re3 Qa5 19. Rb3 Rc7 20. Bd2 1-0

[Event "NZL-ch Rapid 131st"]
[Site "Palmerston North"]
[Date "2024.01.11"]
[Round "4.1"]
[White "Steadman, Michael VR"]
[Black "Jones, Gawain C B"]
[Result "0-1"]
[WhiteElo "2072"]
[BlackElo "2618"]
[PlyCount "68"]
[EventDate "2024.01.11"]
[EventType "swiss (rapid)"]
[EventRounds "9"]
[EventCountry "NZL"]
[SourceTitle "CB03_2024"]
[SourceDate "2024.01.17"]
[SourceVersion "1"]
[SourceVersionDate "2024.01.17"]
[SourceQuality "1"]

1. d4 d5 2. Bf4 e6 3. e3 Bd6 4. Nf3 b6 5. Bd3 Bxf4 6. exf4 Ba6 7. c3 Bxd3 8. Qxd3 Ne7 9. Nbd2 c5 10. Ne5 0-0 11. 0-0 cxd4 12. cxd4 Qd6 13. g3 Nbc6 14. a3 Rac8 15. Rac1 Rc7 16. Rc3 Nxe5 17. fxe5 Rxc3 18. Qxc3 Qd7 19. Nb3 a5 20. Qd3 Rc8 21. Rc1 a4 22. Rxc8+ Qxc8 23. Nd2 Qc1+ 24. Nf1 Qxb2 25. Qa6 g6 26. Qxa4 Nf5 27. Ne3 Qc1+ 28. Nf1 Qc3 29. Qe8+ Kg7 30. Qd8 Qxa3 31. Qxb6 h5 32. Kg2 Qd3 33. Ne3 Qe4+ 34. Kh3 Nxd4 0-1

[Event "Titled Tuesday intern op 19th Dec Early"]
[Site "Chess.com INT"]
[Date "2023.12.19"]
[Round "7"]
[White "Haring, Filip"]
[Black "Jones, Gawain C B"]
[Result "0-1"]
[WhiteElo "2442"]
[BlackElo "2618"]
[PlyCount "78"]
[EventDate "2023.12.19"]
[EventType "swiss (blitz)"]
[EventRounds "11"]
[EventCountry "USA"]
[SourceTitle "CB52_2023"]
[SourceDate "2023.12.27"]
[SourceVersion "1"]
[SourceVersionDate "2023.12.27"]
[SourceQuality "1"]

1. e4 e5 2. Nf3 Nc6 3. Bb5 a6 4. Ba4 Nf6 5. 0-0 d6 6. d3 g6 7. c3 Bg7 8. h3 0-0 9. Nbd2 Nh5 10. Bb3 Kh8 11. Re1 Qe8 12. Nf1 f5 13. Ng3 f4 14. Nxh5 gxh5 15. d4 Bf6 16. dxe5 dxe5 17. Kh2 Na5 18. Bc2 Be6 19. b4 Rd8 20. Nd2 Nc4 21. Qe2 Nxd2 22. Bxd2 Bc4 23. Qxc4 Rxd2 24. Bb3 Bh4 25. Rad1 Rxf2 26. Rf1 c6 27. Qc5 Re2 28. Bc4 Rxe4 29. Bd3 Re3 30. Qd6 Rg8 31. Qc7 Rg7 32. Qd6 Rxg2+ 33. Kxg2 Qg8+ 34. Bg6 Qxg6+ 35. Qxg6 hxg6 36. Rf3 Re2+ 37. Kf1 Rxa2 38. Rd7 g5 39. Rxb7 e4 0-1

[Event "Titled Tuesday intern op 19th Dec Early"]
[Site "Chess.com INT"]
[Date "2023.12.19"]
[Round "8"]
[White "Jones, Gawain C B"]
[Black "Krzyzanowski, Marcin"]
[Result "0-1"]
[WhiteElo "2618"]
[BlackElo "2512"]
[PlyCount "94"]
[EventDate "2023.12.19"]
[EventType "swiss (blitz)"]
[EventRounds "11"]
[EventCountry "USA"]
[SourceTitle "CB52_2023"]
[SourceDate "2023.12.27"]
[SourceVersion "1"]
[SourceVersionDate "2023.12.27"]
[SourceQuality "1"]

1. Nf3 Nf6 2. c4 e6 3. g3 d5 4. Bg2 dxc4 5. 0-0 Nbd7 6. Qa4 a6 7. Qxc4 c5 8. Qc2 Be7 9. Nc3 Ra7 10. d4 b6 11. dxc5 Bxc5 12. Ng5 h6 13. Nge4 Nxe4 14. Nxe4 Be7 15. Bf4 0-0 16. Rfd1 Bb7 17. Rac1 Bd5 18. Bc7 Qa8 19. Bf4 Nc5 20. Rxd5 exd5 21. Nc3 Rd8 22. Rd1 Ne4 23. Rxd5 Nxc3 24. Rd3 Nd5 25. Qb3 Rad7 26. Bd2 Qc6 27. h4 Qe6 28. Bf3 Nf6 29. Bf4 Rxd3 30. Qxe6 fxe6 31. exd3 Rxd3 32. Be2 Rd8 33. Bxa6 Bc5 34. Bc4 Kf7 35. Kg2 Nd5 36. Be5 Be7 37. b3 Bf6 38. Bxf6 gxf6 39. Kf3 Ke7 40. a4 Kd6 41. Kg4 Ke7 42. Kh5 Kf7 43. Bb5 f5 44. Kxh6 Rg8 45. g4 Rg6+ 46. Kh7 Nf6+ 47. Kh8 Rg8# 0-1

[Event "Titled Tuesday intern op 19th Dec Early"]
[Site "Chess.com INT"]
[Date "2023.12.19"]
[Round "10"]
[White "Jones, Gawain C B"]
[Black "Yaran, Siar"]
[Result "0-1"]
[WhiteElo "2618"]
[BlackElo "2272"]
[PlyCount "68"]
[EventDate "2023.12.19"]
[EventType "swiss (blitz)"]
[EventRounds "11"]
[EventCountry "USA"]
[SourceTitle "CB52_2023"]
[SourceDate "2023.12.27"]
[SourceVersion "1"]
[SourceVersionDate "2023.12.27"]
[SourceQuality "1"]

1. a3 d5 2. Nf3 Nf6 3. b4 e6 4. Bb2 Bd6 5. e3 0-0 6. c4 c6 7. Qc2 Nbd7 8. Nc3 a6 9. d4 Qe7 10. Bd3 e5 11. c5 Bc7 12. dxe5 Nxe5 13. Nxe5 Bxe5 14. Ne2 Bc7 15. h3 Re8 16. 0-0 h5 17. Nd4 Ne4 18. Nf3 Bf5 19. Nd2 Rad8 20. Bxe4 dxe4 21. Rfd1 Qg5 22. Kf1 Re6 23. Nc4 Rd3 24. Rxd3 exd3 25. Qd2 Rg6 26. f4 Qg3 27. Qf2 Qh2 28. Qg1 Rxg2 29. Qxh2 Rxh2 30. Kg1 Re2 31. Rd1 Be6 32. Be5 Bxc4 33. Bxc7 d2 34. Kf1 Re1+ 0-1

[Event "AI Cup Play In"]
[Site "Chess.com INT"]
[Date "2023.09.18"]
[Round "2"]
[White "Giri, Anish"]
[Black "Jones, Gawain C B"]
[Result "1-0"]
[WhiteElo "2760"]
[BlackElo "2618"]
[PlyCount "89"]
[EventDate "2023.09.18"]
[EventType "swiss (rapid)"]
[EventRounds "9"]
[EventCountry "USA"]
[SourceTitle "EXT 2024"]
[Source "ChessBase"]
[SourceDate "2023.10.10"]
[SourceVersion "1"]
[SourceVersionDate "2023.10.10"]
[SourceQuality "1"]

1. e4 e5 2. Nf3 Nc6 3. Bc4 Nf6 4. d3 Bc5 5. 0-0 d6 6. c3 a5 7. Re1 Ba7 8. Nbd2 0-0 9. Nf1 Ne7 10. Ng3 Ng6 11. Bb3 Be6 12. Bc2 d5 13. exd5 Nxd5 14. d4 exd4 15. Nxd4 Bd7 16. Be4 c6 17. Bxd5 cxd5 18. Be3 a4 19. Ndf5 Bxf5 20. Nxf5 Bxe3 21. Rxe3 Qg5 22. Qf3 Ra6 23. Rd1 Rb6 24. Rxd5 Rxb2 25. g3 Rxa2 26. h4 Nxh4 27. Nxh4 Qh6 28. Kg2 g6 29. c4 Rc2 30. Rd4 Qg7 31. Rg4 h5 32. Rge4 Rc1 33. Re1 Rxe1 34. Rxe1 Qb2 35. Qd5 Qc2 36. Re3 Rc8 37. Nf3 Qxc4 38. Re8+ Kh7 39. Ng5+ Kh6 40. Nxf7+ Kh7 41. Rh8+ Kg7 42. Qe5+ Kxf7 43. Rh7+ Kf8 44. Qe7+ Kg8 45. Qg7# 1-0

[Event "AI Cup Play In"]
[Site "Chess.com INT"]
[Date "2023.09.18"]
[Round "3"]
[White "Jones, Gawain C B"]
[Black "Alekseev, Evgeny V"]
[Result "0-1"]
[WhiteElo "2618"]
[BlackElo "2573"]
[PlyCount "58"]
[EventDate "2023.09.18"]
[EventType "swiss (rapid)"]
[EventRounds "9"]
[EventCountry "USA"]
[SourceTitle "EXT 2024"]
[Source "ChessBase"]
[SourceDate "2023.10.10"]
[SourceVersion "1"]
[SourceVersionDate "2023.10.10"]
[SourceQuality "1"]

1. Nf3 c5 2. g3 Nc6 3. Bg2 g6 4. 0-0 Bg7 5. c3 e5 6. d4 cxd4 7. cxd4 e4 8. Ne5 d5 9. Nxc6 bxc6 10. Qa4 Ne7 11. Bg5 Bd7 12. Nc3 h6 13. Bxe7 Qxe7 14. e3 0-0 15. Qa5 h5 16. h4 Bh6 17. Na4 Rfc8 18. Nc5 Bg4 19. Qa3 g5 20. hxg5 Qxg5 21. Na6 Bf8 22. Qc3 Bd6 23. Qd2 Bf3 24. Rfd1 Qg4 25. Kf1 h4 26. Bxf3 exf3 27. Qc2 hxg3 28. fxg3 Bxg3 29. Rd2 Kg7 0-1

[Event "AI Cup Play In"]
[Site "Chess.com INT"]
[Date "2023.09.18"]
[Round "9"]
[White "Jones, Gawain C B"]
[Black "Potkin, Vladimir"]
[Result "1-0"]
[WhiteElo "2618"]
[BlackElo "2564"]
[PlyCount "63"]
[EventDate "2023.09.18"]
[EventType "swiss (rapid)"]
[EventRounds "9"]
[EventCountry "USA"]
[SourceTitle "EXT 2024"]
[Source "ChessBase"]
[SourceDate "2023.10.10"]
[SourceVersion "1"]
[SourceVersionDate "2023.10.10"]
[SourceQuality "1"]

1. Nf3 d5 2. g3 g6 3. Bg2 Bg7 4. 0-0 e5 5. d3 Nc6 6. Nc3 Nge7 7. e4 dxe4 8. dxe4 Qxd1 9. Rxd1 Bg4 10. Be3 0-0 11. Nb5 Rac8 12. h3 Be6 13. Ng5 Bc4 14. a4 f6 15. Na3 Be2 16. Rd2 fxg5 17. Rxe2 Nd4 18. Rd2 h6 19. Rad1 Nec6 20. Kh1 Rf7 21. Bf1 Kh7 22. Bc4 Rf6 23. Nb5 a6 24. Nc3 Nb4 25. Nd5 Nxd5 26. Bxd5 c6 27. Ba2 b5 28. c3 Nf3 29. Rd7 Rff8 30. Bc5 Rh8 31. Rxg7+ Kxg7 32. Rd7+ 1-0

[Event "AI Cup Play In"]
[Site "Chess.com INT"]
[Date "2023.09.18"]
[Round "4"]
[White "Panesar, Vedant"]
[Black "Jones, Gawain C B"]
[Result "0-1"]
[WhiteElo "2372"]
[BlackElo "2618"]
[PlyCount "86"]
[EventDate "2023.09.18"]
[EventType "swiss (rapid)"]
[EventRounds "9"]
[EventCountry "USA"]
[SourceTitle "EXT 2024"]
[Source "ChessBase"]
[SourceDate "2023.10.10"]
[SourceVersion "1"]
[SourceVersionDate "2023.10.10"]
[SourceQuality "1"]

1. e4 e5 2. Nf3 Nc6 3. Bb5 a6 4. Ba4 Nf6 5. 0-0 d6 6. Re1 Bd7 7. c3 g6 8. d4 Bg7 9. h3 0-0 10. Bc2 Nh5 11. Bg5 Qe8 12. dxe5 dxe5 13. Na3 Be6 14. Bb3 h6 15. Be3 Rd8 16. Qc1 Kh7 17. Bc5 Rg8 18. Be3 Bxb3 19. axb3 f5 20. Qc2 f4 21. Bd2 g5 22. Rad1 Qe6 23. Bc1 g4 24. Rxd8 Nxd8 25. hxg4 Qxg4 26. Nh2 Qh4 27. Qe2 Bf8 28. Nc4 Nf7 29. Rd1 Nf6 30. Rd3 Bc5 31. Nd2 Ng5 32. Ndf3 Nh3+ 33. Kf1 Qxf2+ 34. Qxf2 Nxf2 35. Nxe5 Nxd3 36. Nxd3 Nxe4 37. Bxf4 Bd6 38. Bxd6 Nxd6 39. Nf3 Ne4 40. Nf4 Rf8 41. Nd5 Nd2+ 42. Ke2 Nxf3 43. gxf3 c6 0-1

[Event "Speed Chess Q1 Sw"]
[Site "Chess.com INT"]
[Date "2023.08.21"]
[Round "13"]
[White "Golubev, Mikhail"]
[Black "Jones, Gawain C B"]
[Result "0-1"]
[WhiteElo "2461"]
[BlackElo "2618"]
[PlyCount "56"]
[EventDate "2023.08.21"]
[EventType "k.o. (blitz)"]
[EventRounds "14"]
[EventCountry "USA"]
[SourceTitle "CBM 215 Extra"]
[Source "ChessBase"]
[SourceDate "2023.09.30"]
[SourceVersion "1"]
[SourceVersionDate "2023.09.30"]
[SourceQuality "1"]

1. e4 c5 2. Nf3 Nc6 3. Nc3 g6 4. d4 cxd4 5. Nxd4 Bg7 6. Be3 d6 7. f3 Nf6 8. Qd2 0-0 9. Bc4 Bd7 10. h4 Rc8 11. Nxc6 Bxc6 12. Bb3 h5 13. 0-0-0 Qa5 14. Kb1 Rfd8 15. Bg5 Qc5 16. Be3 Qa5 17. Bg5 b6 18. g4 hxg4 19. h5 Nxh5 20. fxg4 Ng3 21. Qh2 Nxh1 22. Bd2 Qe5 23. Qxh1 e6 24. Rf1 b5 25. Bf4 Qd4 26. Bg5 b4 27. Bxd8 Rxd8 28. Qf3 Rd7 0-1

[Event "Speed Chess Q1 Sw"]
[Site "Chess.com INT"]
[Date "2023.08.21"]
[Round "7"]
[White "Jones, Gawain C B"]
[Black "Adewumi, Tanitoluwa"]
[Result "1-0"]
[WhiteElo "2618"]
[BlackElo "2277"]
[PlyCount "79"]
[EventDate "2023.08.21"]
[EventType "k.o. (blitz)"]
[EventRounds "14"]
[EventCountry "USA"]
[SourceTitle "CBM 215 Extra"]
[Source "ChessBase"]
[SourceDate "2023.09.30"]
[SourceVersion "1"]
[SourceVersionDate "2023.09.30"]
[SourceQuality "1"]

1. Nf3 Nf6 2. g3 d5 3. Bg2 Bf5 4. c4 e6 5. Qb3 Nc6 6. d3 Be7 7. cxd5 exd5 8. 0-0 0-0 9. Bg5 h6 10. Bxf6 Bxf6 11. Nc3 Ne7 12. Rfe1 Rb8 13. e4 dxe4 14. dxe4 Be6 15. Qa4 Bxc3 16. bxc3 Nc6 17. Nd4 Bd7 18. Nxc6 Bxc6 19. Qxa7 b6 20. Qa3 Qd3 21. Rad1 Qc4 22. Rd4 Qe6 23. Qb3 Ra8 24. Rd2 Qxb3 25. axb3 Ra3 26. Rb1 Rfa8 27. e5 Ra1 28. Rbd1 Rxd1+ 29. Rxd1 Bxg2 30. Kxg2 Ra3 31. Rd8+ Kh7 32. Rd7 Rxb3 33. Rxc7 Kg6 34. g4 b5 35. h4 h5 36. gxh5+ Kxh5 37. Rxf7 Kg6 38. Rf3 Kh6 39. e6 Rb1 40. e7 1-0

[Event "Speed Chess Q1 Sw"]
[Site "Chess.com INT"]
[Date "2023.08.21"]
[Round "10"]
[White "Jones, Gawain C B"]
[Black "Ter Sahakyan, Samvel"]
[Result "1-0"]
[WhiteElo "2618"]
[BlackElo "2609"]
[PlyCount "79"]
[EventDate "2023.08.21"]
[EventType "k.o. (blitz)"]
[EventRounds "14"]
[EventCountry "USA"]
[SourceTitle "CBM 215 Extra"]
[Source "ChessBase"]
[SourceDate "2023.09.30"]
[SourceVersion "1"]
[SourceVersionDate "2023.09.30"]
[SourceQuality "1"]

1. Nf3 d5 2. c4 d4 3. b4 c5 4. Bb2 Nf6 5. g3 Qc7 6. b5 e5 7. d3 Bd6 8. Nbd2 0-0 9. Bg2 h6 10. Qc2 Re8 11. e4 dxe3 12. fxe3 Ng4 13. Ke2 f5 14. Nh4 f4 15. Bd5+ Be6 16. Bxe6+ Rxe6 17. Nf5 Nd7 18. Ne4 Rf8 19. h3 Nxe3 20. Nxe3 fxe3 21. Raf1 Nf6 22. Kxe3 Be7 23. Qg2 Kh8 24. Bc3 Qd7 25. Nxf6 Bxf6 26. Qe4 Rd6 27. Ke2 a6 28. a4 axb5 29. axb5 Re8 30. h4 Rd4 31. Qf5 Qxf5 32. Rxf5 Rd7 33. Re1 e4 34. Bxf6 exd3+ 35. Kd2 Rxe1 36. Kxe1 gxf6 37. Rxc5 d2+ 38. Kd1 Rd4 39. Rc7 Kg8 40. b6 1-0

[Event "Speed Chess Q1 Sw"]
[Site "Chess.com INT"]
[Date "2023.08.21"]
[Round "5"]
[White "Jones, Gawain C B"]
[Black "Thomforde Toates, Noah"]
[Result "1-0"]
[WhiteElo "2618"]
[BlackElo "2124"]
[PlyCount "47"]
[EventDate "2023.08.21"]
[EventType "k.o. (blitz)"]
[EventRounds "14"]
[EventCountry "USA"]
[SourceTitle "CBM 215 Extra"]
[Source "ChessBase"]
[SourceDate "2023.09.30"]
[SourceVersion "1"]
[SourceVersionDate "2023.09.30"]
[SourceQuality "1"]

1. Nf3 Nf6 2. c4 g6 3. d4 Bg7 4. g3 0-0 5. Bg2 d6 6. Nc3 Nc6 7. d5 Na5 8. b3 c6 9. Bd2 cxd5 10. cxd5 Bd7 11. Nd4 Rc8 12. 0-0 Qb6 13. e3 Qa6 14. Re1 Qb6 15. Rc1 Ng4 16. Qe2 Bxd4 17. exd4 Qxd4 18. Ne4 Rxc1 19. Rxc1 Qb2 20. Qe1 b6 21. Rc7 Bf5 22. b4 Bxe4 23. Bxe4 Qd4 24. Bc3 1-0

[Event "Speed Chess Q1 Sw"]
[Site "Chess.com INT"]
[Date "2023.08.21"]
[Round "1"]
[White "Jones, Gawain C B"]
[Black "Valle Luis, Leo"]
[Result "1-0"]
[WhiteElo "2618"]
[BlackElo "2250"]
[PlyCount "95"]
[EventDate "2023.08.21"]
[EventType "k.o. (blitz)"]
[EventRounds "14"]
[EventCountry "USA"]
[SourceTitle "CBM 215 Extra"]
[Source "ChessBase"]
[SourceDate "2023.09.30"]
[SourceVersion "1"]
[SourceVersionDate "2023.09.30"]
[SourceQuality "1"]

1. Nf3 Nf6 2. g3 g6 3. b3 Bg7 4. Bb2 0-0 5. Bg2 d6 6. d4 Nbd7 7. 0-0 c6 8. c4 Re8 9. h3 Qc7 10. Nc3 Nf8 11. Qd3 Bf5 12. e4 Nxe4 13. Nxe4 d5 14. cxd5 cxd5 15. Qc3 Qd8 16. Nc5 b6 17. Nd3 Rc8 18. Qd2 Be4 19. Rac1 Qd6 20. Nfe5 f6 21. Nf3 Rxc1 22. Rxc1 e5 23. dxe5 fxe5 24. Ndxe5 Bxe5 25. Nxe5 Rxe5 26. Bxe5 Qxe5 27. Bxe4 dxe4 28. Rd1 Ne6 29. Qd5 Qf6 30. Qa8+ Kg7 31. Rd7+ Kh6 32. Qxe4 Nc5 33. Qe3+ g5 34. Rxa7 Qf5 35. h4 Qb1+ 36. Kh2 Ne4 37. Qxb6+ Kh5 38. Rxh7+ Kg4 39. Qe6+ Kf3 40. Rf7+ Ke2 41. Re7 Kxf2 42. Qf5+ Ke3 43. Qxe4+ Qxe4 44. Rxe4+ Kxe4 45. hxg5 Kf5 46. a4 Kxg5 47. a5 Kf5 48. a6 1-0

[Event "Speed Chess Q1 Sw"]
[Site "Chess.com INT"]
[Date "2023.08.21"]
[Round "11"]
[White "Kravtsiv, Martyn"]
[Black "Jones, Gawain C B"]
[Result "1-0"]
[WhiteElo "2598"]
[BlackElo "2618"]
[PlyCount "97"]
[EventDate "2023.08.21"]
[EventType "k.o. (blitz)"]
[EventRounds "14"]
[EventCountry "USA"]
[SourceTitle "CBM 215 Extra"]
[Source "ChessBase"]
[SourceDate "2023.09.30"]
[SourceVersion "1"]
[SourceVersionDate "2023.09.30"]
[SourceQuality "1"]

1. e4 e5 2. Nf3 Nc6 3. Nc3 Nf6 4. a4 a6 5. d4 exd4 6. Nxd4 Bb4 7. Nxc6 bxc6 8. Bd3 0-0 9. 0-0 Re8 10. Bg5 h6 11. Bh4 d5 12. exd5 g5 13. Bg3 cxd5 14. Ne2 Bg4 15. f3 Bh5 16. Kh1 Qd7 17. Nd4 Bg6 18. Bxg6 fxg6 19. Qd3 Kh7 20. c3 Bf8 21. b4 c5 22. bxc5 Bxc5 23. Rab1 Re7 24. Rfe1 Rxe1+ 25. Rxe1 Nh5 26. Re6 Nxg3+ 27. hxg3 Qg7 28. Nc6 Rf8 29. Ne5 Rf6 30. Qxd5 Be7 31. c4 h5 32. Qd7 Rxe6 33. Qxe6 Bf6 34. Nd7 Bd8 35. Kh2 h4 36. gxh4 gxh4 37. Kh3 Kh6 38. Ne5 Bc7 39. Ng4+ Kh7 40. Nf6+ Kh6 41. c5 Bd8 42. Ng4+ Kh7 43. c6 Qa1 44. Qd7+ Kg8 45. Qxd8+ Kf7 46. Qd7+ Kf8 47. Qd6+ Kf7 48. Ne5+ Ke8 49. Qd7+ 1-0